00838nam a22002417a 450000100060000000300060000600500170001200800410002902000180007004000290008805000080011708200120012510000250013724500610016226000360022330000420025950500070030152001790030852100180048752100180050565000410052370000320056410108FISKH20260410124924.0260410b cb ||||| |||| 00| 0 eng d a9780744582703 aFISKHbengcFISKHdFISKH aPZ7 a823.914 aFine, Anne eAuthor  aCare of Henry /cAnne Fine ; illustrated by Paul Howard  aLondon : bWalker Books ,c1997 a59 pages : billustrations ; c20 cm  aP  aHugo has to choose who to stay with while his mum's having a baby. Who will care for him and his dog Henry the best? Will it be Granny? Mrs Mariposa next door? Or Uncle Jack?8 a600 bLexile 8 aP bRaz-Plus  aAnimal fiction vEarly chapter book  aHoward, Paul eIllustrator